Call for third party rights of appeal (Record no. 69274)

MARC details
000 -LEADER
fixed length control field 01112cam a2200217 4500
001 - CONTROL NUMBER
control field WB3802-26
008 - FIXED-LENGTH DATA ELEMENTS--GENERAL INFORMATION
fixed length control field 020115n2002 000 0 eng u
035 ## - SYSTEM CONTROL NUMBER
System control number (Sirsi) u116290
245 ## - TITLE STATEMENT
Title Call for third party rights of appeal
260 ## - PUBLICATION, DISTRIBUTION, ETC.
Date of publication, distribution, etc. 2002
490 ## - SERIES STATEMENT
Series statement CPRE Press Release
Volume/sequential designation (01/02) 9 January 2002, (2)
520 ## - SUMMARY, ETC.
Summary, etc. A report funded by a number of environmental and amenity groups examines the case for third party rights of appeal. "Third party rights of appeal in planning" argues that in some circumstances people should have similar rights to developers to challenge planning decisions and be able to appeal against a grant of planning consentfor a development they oppose. Available from CPRE publications priced £10. T: 020 7976 6433; E: [email protected]. An executive summary is available free on request.
590 ## - LOCAL NOTE (RLIN)
Local note WB
650 ## - SUBJECT ADDED ENTRY--TOPICAL TERM
Topical term or geographic name entry element PLANNING LAW
650 ## - SUBJECT ADDED ENTRY--TOPICAL TERM
Topical term or geographic name entry element THIRD PARTY RIGHT OF APPEAL
650 ## - SUBJECT ADDED ENTRY--TOPICAL TERM
Topical term or geographic name entry element PLANNING SYSTEM
650 ## - SUBJECT ADDED ENTRY--TOPICAL TERM
Topical term or geographic name entry element PLANNING GREEN PAPER
650 ## - SUBJECT ADDED ENTRY--TOPICAL TERM
Topical term or geographic name entry element PLANNING DECISIONS
690 ## - LOCAL SUBJECT ADDED ENTRY--TOPICAL TERM (OCLC, RLIN)
Topical term or geographic name as entry element ENVIRONMENTAL AND LAND CONSULTANCY-PLANNING AND DEVELOPMENT
942 ## - ADDED ENTRY ELEMENTS (KOHA)
Suppress in OPAC 0
Holdings
Withdrawn status Lost status Source of classification or shelving scheme Damaged status Not for loan Home library Current library Shelving location Date acquired Total Checkouts Full call number Barcode Date last seen Copy number Price effective from Koha item type
    Dewey Decimal Classification     London London News article 15/01/2002   WB3802-26 116290-1001 06/08/2019 1 06/08/2019 News article